000
00267nam a22001217a 4500
041
_a
ENG
100
_a
Posudin Y.I
245
_a
Lasers In Agriculture
260
_a
Delhi
_b
Oxford & IBH PUB
_c
1999
300
_a
188
650
_a
Agricultural
856
_u
Agricultural
999
_c
537
_d
537